000 00769nam a2200253Ia 4500
003 OSt
005 20220923214901.0
006 a|||||r|||| 00| 0
007 ta
008 220922b |||||||| |||| 00| 0 hin d
024 _a173,487
037 _cTextual
040 _aARTS
_cARTS
_bhin
041 _2hin
_ahin
082 _aO152,6xN1, L3
100 _aशिव प्रसाद सिंह, संपा.
_9163487
245 0 _aहिन्दी निबन्ध
246 _aHindī nibandha
250 _aसंस्क0 2
260 _c1973
650 _aहिन्दी साहित्य
_9156264
942 _hO152,6xN1, L3
_cTEXL
_2CC
999 _c327378
_d327378